Halloween de A à Z - Statistiques

Statistiques générales
  • Ce quiz a été pris 1 491 fois
  • Le résultat moyen est 20 sur 26
Statistiques - réponses
Lettres Indices Réponses % Correct
A Petit animal tissant beaucoup de toiles pour Halloween Araignée
100%
B Ce que les enfants vont demander aux portes Bonbons
99%
C On creuse dans ce légume pour en faire des lanternes Citrouille
99%
H Catégorie de film très prisé pour Halloween Horreur
96%
R Couleur du sang Rouge
96%
E Lieu de vie des démons Enfer
95%
L Humain se transformant en une bête poilue les soirs de pleine lune Loup-Garou
95%
O Mois durant lequel à lieu Halloween Octobre
95%
V Il mord au cou pour sucer votre sang Vampire
94%
D Action de placer des choses horrifiantes autour de sa maison Décorer
93%
P Ce qu'on s'amuse à faire aux autres le soir d'Halloween Peur
90%
U On y place les cendres d'un défunt Urne
89%
S Revenant ne possédant plus que ses os Squelette
88%
G Se dit d'un film ayant une abondance de sang Gore
84%
F Savant ayant créé une créature faite de plusieurs morceaux de cadavres Frankenstein
81%
Q Nombre de Cavaliers de l'Apocalypse Quatre
81%
I Pays qui serait à l'origine de Halloween Irlande
79%
Z Viser la tête pour les abattre avant qu'ils vous mordent Zombies
79%
N Elles sont funèbres d'après le titre d'un film de Tim Burton Noces
76%
K Monstre marin tentaculaire Kraken
74%
T Fête des morts ayant lieu le lendemain d'Halloween Toussaint
70%
X Série télévisée présentant les enquêtes des agents Mulder et Scully X-Files
47%
M Tueur des films Halloween Michael Myers
33%
J Feu follet, ou lanterne créée à partir du mot C Jack O'Lantern
32%
W Créature surnaturelle, maléfique et anthropophage issue de la mythologie d'Amérique du Nord Wendigo
28%
Y Dans The Witcher, magicienne amoureuse de Geralt de Riv Yennefer
25%
Aucun quiz correspondant
Distribution des résultats
% des personnes avec chaque résultat
Percentile par nombre de réponses
Votre historique - résultats
Vous n’avez pas pris ce quiz